Marketigonvé nástroje na podpor absolventov universít na trhu práce bakalárska práca

Salvato in:
Dettagli Bibliografici
Autore principale: Gergely, Matúš
Ente Autore: Obchodná fakulta EU. Katedra marketingu
Altri autori: Filo, Peter
Natura: Libro
Lingua:slovacco
Pubblicazione: Bratislava 2018
Tags: Aggiungi Tag
Nessun Tag, puoi essere il primo ad aggiungerne!!

MARC

LEADER 00000nbm a2200000 4500
001 0245075
005 20180815083511.6
041 0 |a slo 
044 |a SK 
245 1 0 |a Marketigonvé nástroje na podpor absolventov universít na trhu práce  |b bakalárska práca  |c Matúš Gergely ; školiteľ: Peter Filo 
264 1 |a Bratislava  |c 2018 
300 |a 46 s. 
100 1 |a Gergely, Matúš 
700 1 |a Filo, Peter 
710 2 |a Obchodná fakulta EU. Katedra marketingu